000 00759nam a22003010a 4500
001 PT61541
003 AR-LpoUNG
005 20210131232036.0
008 191001s1999||||xxk|||||||||||||||||eng d
020 _a0582325692
_c$27.00
040 _aAR-LpoUNG
_bspa
_cAR-LpoUNG
_eaacr
041 _aeng
044 _axxk
082 0 _a428 18foc
100 1 _aO'Connell, Sue
245 1 0 _aFocus on advanced english :
_bC.A.E.
250 _a1ra. ed.
260 _aEssex :
_bAddison Wesley Longman,
_c1999.
300 _a240 p. :
_bil., tbls.
650 4 _aAPRENDIZAJE
650 4 _aENSEƑANZA DE IDIOMAS
650 4 _aGRAMATICA
650 4 _aLENGUA INGLESA
700 1 _aFoley, Mark
700 1 _aWhitehead, Russell
905 _a61541
942 _cLIB
999 _c13413
_d13413